LEADER 01689nas 2200529-a 450 001 9910145228203321 005 20221226230826.0 011 $a2514-9954 035 $a(OCoLC)730909870 035 $a(CKB)991042745748250 035 $a(CONSER)--2012250673 035 $a(EXLCZ)99991042745748250 100 $a20780721b19781988 --- - 101 0 $aeng 135 $aur|n||||||||| 181 $ctxt$2rdacontent 182 $cc$2rdamedia 183 $acr$2rdacarrier 200 04$aThe bulletin of the Royal College of Psychiatrists 210 $aLondon $cThe Royal College of Psychiatrists$d[1978]-©1988 215 $a1 online resource (12 volumes) 311 $a0140-0789 531 $aBULLETIN OF THE ROYAL COLLEGE OF PSYCHIATRISTS 606 $aPsychology, Pathological$vPeriodicals 606 $aPsychiatry$vPeriodicals 606 $aPsychiatry 606 $aPsychiatry$2fast$3(OCoLC)fst01081152 606 $aPsychology, Pathological$2fast$3(OCoLC)fst01081609 606 $aPsychiatrie$2gtt 608 $aPeriodical. 608 $aFulltext. 608 $aInternet Resources. 608 $aPeriodicals. 608 $aPeriodicals.$2fast 610 $aMedicine$aPsychiatry$aOrganisations$aGreat Britain$aRoyal College of Psychiatrists$aPeriodicals 615 0$aPsychology, Pathological 615 0$aPsychiatry 615 2$aPsychiatry. 615 7$aPsychiatry. 615 7$aPsychology, Pathological. 615 17$aPsychiatrie. 676 $a616.89005 712 02$aRoyal College of Psychiatrists. 906 $aJOURNAL 912 $a9910145228203321 996 $aBulletin of the Royal College of Psychiatrists$9798259 997 $aUNINA